000 00609nam a2200205Ia 4500
005 20250508161909.0
008 008 250505s9999 xx 000 0 eng d
037 _aTextual
040 _aFEDL
_beng
_cFEDL
041 _aeng
_2eng
084 _a330.954, SHA
_qFEDL
100 _aShah K. T.
245 0 _aPriorities in planning : Food, education, housing
245 0 _cNational Planning Committee
260 _aBombay, India
_bVora and Company Publishers Private Limited
_c1946
300 _aii,43p
650 _aEconomics
942 _cTEXL
_h330.954, SHA
999 _c1373051
_d1373051